00956 a2200181 4500003000500000005001700005040000900022082001200031100002200043245006500065260003000130300001100160505042200171650002000593942002100613999001900634952012100653NUST20230131160008.0 cNust a942,COL aCole G.D H949394 aThe Common People :b1746-1938 /cG.D Cole, Raymond Postgate aLondonbMetuen & Coc1945 a670:p. aEighteenth Century England (Page-1), Social Movements In The Eighteenth Century (Page-87), The Industrial Revolution And The French War (Page-115), The Peace Without A Parallel (Page-185), England Under The Reform Act (Page-253), The Great Victorian Age (Page-321), Imperialism And Socialism (Page-391), The Pre War Period (Page-437), The War Years (Page-491), Post War Britain (Page-531), Britain In 1938 (Page-595). aEngland9108302 2ddccBKk942,COL c187226d187226 00102ddc4070aMCSbMCScGENd2016-12-12o942,COLpMCS29426r2016-12-08w2016-12-12yBKzAlmirah No.60, Shelf No.5